000 00261nam a2200097Ia 4500
001 1251487
005 20251031150916.0
008 251031s9999 xx 000 0 und d
245 0 _cBRİGİTTE LABBE
_aJ-3 ÖZGÜR OLAN VE OLMAYAN
260 _bGÜNIŞIĞI YAYINLARI
999 _c1251487
_d1251487